Opus cinématographiques 04 - American Pie - Statistiques

Statistiques générales
  • Ce quiz a été pris 139 fois
  • Le résultat moyen est 6 sur 9
Statistiques - réponses
Date de sortie Titre % Correct
1999 American Pie
96%
2001 American Pie 2
93%
2012 American Pie 4
85%
2003 American Pie - Marions-les !
74%
2007 American Pie présente : Campus en Folie
52%
2006 American Pie présente : String Academy
48%
2009 American Pie présente : Les Sex Commandements
44%
2005 American Pie présente : No Limit !
42%
2020 American Pie présente : Girls Power
32%
Aucun quiz correspondant
Distribution des résultats
% des personnes avec chaque résultat
Percentile par nombre de réponses
Votre historique - résultats
Vous n’avez pas pris ce quiz